Qui a marqué l’histoire ? #1 - Statistiques

Statistiques générales
  • Ce quiz a été pris 86 fois
  • Le résultat moyen est 6 sur 10
Statistiques - réponses
Description Personnages % Correct
Né sur une île méditerranéenne, ce dirigeant militaire est souvent cité pour son ascension fulgurante et ses guerres qui ont redéfini une partie de l’Europe, avant d’être confronté à une chute spectaculaire. Napoléon Bonaparte
92%
Cet homme politique du XVIIIe siècle est devenu un symbole de la Révolution française, mais sa trajectoire est marquée par une fin tragique et un rôle controversé dans la politique de son époque. Maximilien de Robespierre
80%
Cet artiste italien est célèbre pour sa polyvalence. Non seulement un peintre de renom, il a aussi marqué son époque par des innovations dans d’autres domaines, comme l’ingénierie et l’architecture. Léonard de Vinci
79%
Ce leader politique a marqué un tournant important dans l’histoire d’un pays africain en luttant contre une politique de ségrégation raciale, avant d’occuper un poste de haut dirigeant. Nelson Mandela
79%
Un écrivain du XIXe siècle, connu pour ses romans profonds et ses prises de position publiques, il a également été un fervent défenseur des causes sociales et politiques de son époque. Victor Hugo
63%
Un écrivain et penseur français qui a vivement critiqué son époque, appelant à des réformes sociales et à une meilleure liberté de pensée. Ses idées ont influencé de nombreux mouvements intellectuels européens. Voltaire
61%
Ce marchand et voyageur du Moyen Âge est connu pour avoir traversé un continent entier et rapporté des récits qui ont fasciné l’Europe pendant des siècles, bien que ses récits aient souvent été perçus avec scepticisme. Marco Polo
58%
Ce scientifique est reconnu pour sa contribution fondamentale à la physique, et ses idées ont jeté les bases de nombreuses théories qui ont transformé notre compréhension du monde naturel. Isaac Newton
54%
Ce personnage du 15e siècle est associé à un grand pays d’exploration et a influencé les découvertes maritimes, bien que son nom soit moins connu que celui des grands explorateurs eux-mêmes. Henri le Navigateur
3%
Un personnage clé de l’histoire du continent américain au XIXe siècle, il est surtout connu pour son rôle dans un mouvement de libération dans son pays et pour ses luttes contre une ancienne puissance coloniale. Miguel Hidalgo
0%
Aucun quiz correspondant
Distribution des résultats
% des personnes avec chaque résultat
Percentile par nombre de réponses
Votre historique - résultats
Vous n’avez pas pris ce quiz